| 000 | 00744nam a2200241 i 4500 | ||
|---|---|---|---|
| 001 | bg | ||
| 100 | 1 | _aKOMOROWSKI, Jan | |
| 245 | 1 | 0 |
_aPlanowanie finansowe w przedsiębiorstwie działającym w warunkach gospodarki rynkowej / _cJan Komorowski. |
| 260 |
_aGdańsk : _bWydaw. PG, _c1999. |
||
| 300 |
_a259 s. ; _c24 cm. |
||
| 490 | 1 |
_aMonografie / Politechnika Gdańska ; _v6 |
|
| 500 | _aStreszcz. ang. | ||
| 504 | _aBibliogr. s. 254-257. | ||
| 650 | 9 |
_aPrzedsiębiorstwo _xfinanse _xplanowanie |
|
| 830 | 0 |
_aMonografie (Politechnika Gdańska) ; _v6 |
|
| 020 | _a8388007092 | ||
| 040 | _cBPK | ||
| 041 | 0 |
_apl _ben |
|
| 080 | _a658.14/.17.012.2 | ||
| 920 | _a83-88007-09-2 | ||
| 942 | _cKS | ||
| 008 | s pl f |000 0 pol | ||
| 999 |
_c37702 _d37702 |
||
| 856 |
_uhttp://koha.tu.koszalin.pl/cgi-bin/koha/opac-detail.pl?biblionumber=37702 _yKatalog online BPK |
||